Polovodičové obvody pro číslicovou techniku

Salvato in:
Dettagli Bibliografici
Autore principale: Budínsky, Jaroslav (Autore)
Natura: Libro
Lingua:ceco
Pubblicazione: Praha : SNTL, 1973
Soggetti:
Tags: Aggiungi Tag
Nessun Tag, puoi essere il primo ad aggiungerne!!

MARC

LEADER 00000nam a22000003a 4500
001 stu33989
005 20150617225657.8
008 981116s1973------------------------cze-d
040 |a STU  |b slo 
041 0 |a cze 
080 |a 681.32 
080 |a 621.3.037.37 
100 1 |a Budínsky, Jaroslav  |4 aut 
245 1 |a Polovodičové obvody pro číslicovou techniku 
260 |a Praha :  |b SNTL,  |c 1973 
300 |a 622 s 
650 7 |a polovodiče  |2 stusub 
650 7 |a číslicová technika  |2 stusub 
996 |b E31481  |c E*31481  |l EE16  |s P  |a 0  |w stu33989_0002 
996 |b 284J016142  |c J*37540  |l JJSK  |s A  |a 24  |w stu33989_0003 
996 |c V*11272/O-3029  |l VV16  |s P  |a 0  |w stu33989_0004 
996 |b 284EK05188  |c E*31593  |l EE01  |s A  |a 24  |w stu33989_0006 
996 |b E31549  |c E*31549  |l EE10  |s P  |a 0  |w stu33989_0007 
996 |b E31751  |c E*31751  |l EE16  |s P  |a 0  |w stu33989_0008 
996 |b E31791  |c E*31791  |l EE12  |s P  |a 0  |w stu33989_0009 
996 |b 284EK04392  |c E*31592  |l EE0101  |s P  |a 0  |w stu33989_0011